|
|
|
|
| LEADER |
00000nam0a2200000 4500 |
| 001 |
55711 |
| 005 |
20231031052647.0 |
| 035 |
|
|
|a (RuTPU)RU\TPU\book\58470
|
| 090 |
|
|
|a 55711
|
| 100 |
|
|
|a 20030919d1975 km y0rusy50 ca
|
| 101 |
0 |
|
|a rus
|
| 102 |
|
|
|a UA
|
| 105 |
|
|
|a a z 001zy
|
| 200 |
1 |
|
|a Анализ электронных схем на ЭЦВМ
|f А. И. Петренко, В. П. Сигорский, В. Г. Слипченко, О. Ф. Цурин
|
| 210 |
|
|
|a Львов
|c Вища школа
|d 1975
|
| 215 |
|
|
|a 194 с.
|c ил.
|
| 320 |
|
|
|a Библиогр.: с. 190-192
|
| 610 |
1 |
|
|a электроника
|
| 610 |
1 |
|
|a электронные схемы
|
| 610 |
1 |
|
|a анализ
|
| 610 |
1 |
|
|a алгоритмы
|
| 610 |
1 |
|
|a программная реализация
|
| 610 |
1 |
|
|a пользователи
|
| 610 |
1 |
|
|a ЭВМ
|
| 610 |
1 |
|
|a устройства графического взаимодействия
|
| 610 |
1 |
|
|a АСПЭС
|
| 610 |
1 |
|
|a функциональное программное обеспечение
|
| 675 |
|
|
|a 621.385:681.142.32
|v 3
|
| 701 |
|
1 |
|a Петренко
|b А. И.
|g Анатолий Иванович
|
| 701 |
|
1 |
|a Сигорский
|b В. П.
|g Виталий Петрович
|
| 701 |
|
1 |
|a Слипченко
|b В. Г.
|g Владимир Георгиевич
|
| 701 |
|
1 |
|a Цурин
|b О. Ф.
|g Олег Филиппович
|
| 801 |
|
1 |
|a RU
|b 63413507
|c 20030919
|g PSBO
|
| 801 |
|
2 |
|a RU
|b 63413507
|c 20210903
|g PSBO
|
| 942 |
|
|
|c BK
|